| 000 | 01121nam a2200241Ia 4500 | ||
|---|---|---|---|
| 003 | Ost | ||
| 005 | 20260507075357.0 | ||
| 008 | 260507s9999||||xx |||||||||||||| ||und|| | ||
| 020 | _a51208099579 | ||
| 040 | _cfsecg | ||
| 041 | _aara | ||
| 082 | _a330 | ||
| 100 |
_aعدنان، بن الضيف محمد _eمؤلف |
||
| 245 | 0 |
_aمقومات الاستثمار في سوق الأوراق المالية الإسلامية / _c بن الضيف محمد عدنان |
|
| 260 |
_aعمان: _bدار النفائس للنشر والتوزيع, _c2013 |
||
| 300 |
_a334 صفحة؛ _bجداول، أشكال بيانية _c25 سم |
||
| 504 | _aالملاحق ص.301 المراجع ص.311 | ||
| 520 | _aالإطار النظري للإستثمار من منظوريه الوضعي والإسلامي-سوق الأوراق المالية من المنظور الإسلامي-أدوات الاستثمار في أسواق الأوراق المالية الإسلامية | ||
| 653 | _aالإستثمار | ||
| 653 | _aالإقتصاد الإسلامي | ||
| 653 | _aالأوراق المالية | ||
| 942 | _cكتاب | ||
| 999 |
_c44244 _d44244 |
||